A briefer history of time / (Record no. 836)

MARC details
000 -LEADER
fixed length control field 00541nam a22001937a 4500
005 - DATE AND TIME OF LATEST TRANSACTION
control field 20250420134826.0
008 - FIXED-LENGTH DATA ELEMENTS--GENERAL INFORMATION
fixed length control field 230820b ||||| |||| 00| 0 eng d
020 ## - INTERNATIONAL STANDARD BOOK NUMBER
International Standard Book Number 9780593056974
040 ## - CATALOGING SOURCE
Transcribing agency KCST
082 ## - DEWEY DECIMAL CLASSIFICATION NUMBER
Classification number 523.1
Item number Ha Br
100 ## - MAIN ENTRY--PERSONAL NAME
Personal name Hawking, Stephen
Dates associated with a name 1942-2018;
9 (RLIN) 5768
245 ## - TITLE STATEMENT
Title A briefer history of time /
Statement of responsibility, etc. Hawking, Stephen,
260 ## - PUBLICATION, DISTRIBUTION, ETC.
Place of publication, distribution, etc. New York;
Name of publisher, distributor, etc. Bantam Books;
Date of publication, distribution, etc. 2005
300 ## - PHYSICAL DESCRIPTION
Extent xi, 162 p. :
Other physical details ills. (col.) ; 24 cm.
650 ## - SUBJECT ADDED ENTRY--TOPICAL TERM
Topical term or geographic name entry element Cosmology
9 (RLIN) 3589
700 ## - ADDED ENTRY--PERSONAL NAME
Personal name Mlodinow, Leonard
9 (RLIN) 5769
942 ## - ADDED ENTRY ELEMENTS (KOHA)
Koha item type Book
942 ## - ADDED ENTRY ELEMENTS (KOHA)
Source of classification or shelving scheme Dewey Decimal Classification
Holdings
Withdrawn status Lost status Source of classification or shelving scheme Damaged status Not for loan Home library Current library Date acquired Source of acquisition Cost, normal purchase price Total checkouts Full call number Barcode Date last seen Price effective from Koha item type
    Dewey Decimal Classification     KCST Library KCST Library 20/08/2023 Donation drive 0.00   523.1 Ha Br 1000000842 20/08/2023 20/08/2023 Book
© 2025 KCST. All rights reserved